| 000 | 00665nam a22002057a 4500 | ||
|---|---|---|---|
| 003 | SISC | ||
| 005 | 20170426154746.0 | ||
| 008 | 130906t xxu||||| |||| 00| 0 eng d | ||
| 020 | _a9812448489 | ||
| 050 |
_aPE 1408 _b.F722 2004 |
||
| 082 |
_aHS 428.2 _bF76 2004 |
||
| 100 |
_aGary Forlini _916778 |
||
| 245 |
_aPrentice Hall Grammar and composition 2 _cGary Forlini |
||
| 260 |
_aJurong, Singapore : _bPearson, _cc2004. |
||
| 300 |
_a863 p. : _c22 cm |
||
| 651 |
_aEnglish language _x--Grammar--Problems, exercises, etc. _916779 |
||
| 651 |
_a 2. English language _x--Composition--Problems, exercises, etc. _916780 |
||
| 942 |
_2lcc _cBK |
||
| 999 |
_c10474 _d10474 |
||